000 00799nam a2200217 4500
001 108536
003 ES-MaACL
005 20231221210526.0
007 t|
008 061121s1957 sp r ||||1| spa d
080 _a821.134.2 Valera, Juan 1.07
100 1 _aMontesinos, José F.
_982596
245 1 0 _aValera o la ficción libre :
_bensayo de interpretación de una anomalía literaria /
_cJosé F. Montesinos.
260 _aMadrid :
_bGredos,
_c1957.
300 _a236 p. ;
_c20 cm.
490 1 _aBiblioteca románica hispánica ;
_vII. Estudios y ensayos ;
_v32
600 1 4 _aValera, Juan,
_d1824-1905-
_xCrítica e interpretación
_9112641
830 1 _aBiblioteca románica hispánica ;
_vII. Estudios y ensayos ;
_v32
_9180746
852 4 _aES-MaACL
_jC-12201
999 _c108536
_d108536